Anthropologists inside Organisations South Asian case studies / (Record no. 20543)

MARC details
000 -LEADER
fixed length control field 01163nam a22002778a 4500
005 - DATE AND TIME OF LATEST TRANSACTION
control field 20080908163306.0
008 - FIXED-LENGTH DATA ELEMENTS--GENERAL INFORMATION
fixed length control field 080829s2008 cau b 001 0 eng
010 ## - LCCN (DPL NO)
LC control number ENG-92354
020 ## - INTERNATIONAL STANDARD BOOK NUMBER
International Standard Book Number 9788178298863
Terms of availability 495.00
035 ## - SYSTEM CONTROL NUMBER
System control number EN-75887
037 ## - SOURCE OF ACQUISITION
Source of stock number/acquisition DBAD / PUB
040 ## - CATALOGING SOURCE
Original cataloging agency dpl
Language of cataloging English
082 ## - DEWEY DECIMAL CLASSIFICATION NUMBER
Classification number 301.0954
245 ## - TITLE STATEMENT
Title Anthropologists inside Organisations South Asian case studies /
Statement of responsibility, etc edited by Devi Sridhar
260 ## - PUBLICATION, DISTRIBUTION, ETC. (IMPRINT)
Place of publication, distribution, etc New Delhi
Name of publisher, distributor, etc Sage Publications,
Date of publication, distribution, etc 2008
270 ## - ADDRESS
Address B1/I-1, Mohan Cooperative Industrial Area, Mathura Road,
City New Delhi
Postal code 110044
300 ## - PHYSICAL DESCRIPTION
Extent viii, 170p.
Dimensions 22cm (Hb)
504 ## - BIBLIOGRAPHY, ETC. NOTE
Bibliography, etc Includes index.
650 ## - SUBJECT ADDED ENTRY--TOPICAL TERM
Topical term or geographic name as entry element Organizational sociology
Form subdivision Case studies.
650 ## - SUBJECT ADDED ENTRY--TOPICAL TERM
Topical term or geographic name as entry element Business anthropology
Geographic subdivision South Asia
Form subdivision Case studies.
650 ## - SUBJECT ADDED ENTRY--TOPICAL TERM
Topical term or geographic name as entry element Organizational behavior
Geographic subdivision South Asia
Form subdivision Case studies.
650 ## - SUBJECT ADDED ENTRY--TOPICAL TERM
Topical term or geographic name as entry element Associations, institutions, etc.
Geographic subdivision South Asia
Form subdivision Case studies.
700 ## - ADDED ENTRY--PERSONAL NAME
Personal name Sridhar, Devi
942 ## - ADDED ENTRY ELEMENTS (KOHA)
Source of classification or shelving scheme Dewey Decimal Classification
Item type English Books
Classification part 301.0954
Call number suffix ANT
Holdings
Withdrawn status Lost status Source of classification or shelving scheme Damaged status Not for loan Collection code Home library Current library Date acquired Source of acquisition Cost, normal purchase price Total Checkouts Full call number Barcode Date last seen Copy number Cost, replacement price Koha item type
    Dewey Decimal Classification   Not For Loan Non-fiction D.B.Act.Division D.B.Act.Division 05/01/2009 DBAD / PUB 495.00   301.0954 ANT EN-75887 05/01/2009 1 495.00 English Books

© Delhi Public Library
Hit Counter
free hit counter